000
00291nam a22001097a 4500
082
_a
954.9042092
245
_a
Quaid-E-Azam Mohammad Ali Jinnah An Album of Photographs
260
_a
Islamabad :
_b
Khursheed Printers,
_c
1993.
300
_a
264 p. ;
_b
28 cm.
500
_a
Hardcover.
942
_c
BK
999
_c
34182
_d
34182